000 00753nam a2200193Ia 4500
999 _c5231
_d5231
003 OSt
005 20200429185340.0
008 191128s1991 ck gr 000 0 spa d
040 _aCO-JMCR
_cCO-JMCR
041 0 _aspa
082 0 4 _a327.1861 /
_bC646p3
_223
110 1 _aColombia.
_bPresidente (1990-1994 : Gaviria)
_93736
245 1 0 _aPalabras del señor presidente de la república, César Gaviria Trujillo, al clausurar las sesiones de la Asamblea constituyente :
_bjulio 4 de 1991 /
_cCésar Gaviria Trujillo
260 _aBogotá :
_bPresidencia de la República,
_c1991
300 _a20 páginas ;
_c23 cm.
600 _2Gaviria Trujillo, César, 1992-1994. Presidente
650 1 4 _aDiscursos presidenciales
_zColombia
_93737
942 _2ddc
_cBK